[Event "Online Olym Div3 A 2021"]
[Site "chess.com INT"]
[Date "2021.08.28"]
[Round "5.2"]
[Board "3"]
[White "Lyons, Kieran"]
[Black "Eynula, Roza"]
[Result "0-1"]
[WhiteTitle "WFM"]
[BlackTitle "WFM"]
[WhiteElo "1767"]
[BlackElo "2069"]
[WhiteTeam "Fiji"]
[BlackTeam "South Korea"]
[WhiteFideId "11400102"]
[BlackFideId "2019531"]
[EventDate "2021.08.27"]
[EventType "team"]

1. e4 e6 2. d4 d5 3. e5 c5 4. c3 Qb6 5. Qc2 Bd7 6. Nf3 Nc6 7. Be2 cxd4 8. O-O
Rc8 9. Qd1 dxc3 10. Nxc3 Nge7 11. Re1 Ng6 12. Bd3 Be7 13. Qe2 O-O 14. Na4 Qa5
15. b3 a6 16. Bd2 Bb4 17. Bxg6 fxg6 18. Nb2 Bxd2 19. Qxd2 Qxd2 20. Nxd2 Nb4 21.
Rac1 Nxa2 22. Rxc8 Rxc8 23. Nf3 Nc3 24. h3 Nb5 25. Nd4 Nxd4 0-1

[Event "Online Olym Div3 A 2021"]
[Site "chess.com INT"]
[Date "2021.08.28"]
[Round "5.2"]
[Board "4"]
[White "Kim, Taegyeong"]
[Black "Sewak, Aarti"]
[Result "1-0"]
[WhiteTitle "WCM"]
[WhiteElo "1523"]
[BlackElo "1412"]
[WhiteTeam "South Korea"]
[BlackTeam "Fiji"]
[WhiteFideId "13200976"]
[BlackFideId "11400722"]
[EventDate "2021.08.27"]
[EventType "team"]

1. d4 g6 2. c4 Bg7 3. Nc3 e6 4. Bf4 Ne7 5. e3 Nbc6 6. Nf3 d6 7. a3 a6 8. Be2 Bd7
9. O-O f6 10. Rb1 h5 11. h4 Nf5 12. e4 Nh6 13. Qd2 Qe7 14. b4 e5 15. dxe5 dxe5
16. Be3 Ng4 17. Bc5 Qd8 18. Nh2 b6 19. Be3 Qc8 20. Nd5 Be6 21. Nxg4 hxg4 22. g3
Nd8 23. Kg2 Nf7 24. c5 b5 25. Ra1 Qb7 26. a4 Rd8 27. axb5 axb5 28. Qc2 c6 29.
Nb6 f5 30. Rfd1 O-O 31. Rxd8 Rxd8 32. Rd1 Re8 33. Kg1 Qe7 34. Kg2 fxe4 35. Qxe4
Bf5 36. Qxc6 Nd8 37. Qxb5 Be4+ 38. Kg1 Bf3 39. Bc4+ Kh7 40. Rd7 Qf8 41. Bg5 Ne6
42. Be3 Qf5 43. Bd5 Rf8 44. c6 Qb1+ 45. Qf1 Qf5 46. c7 Nxc7 47. Rxc7 Bxd5 48.
Nxd5 Qe6 49. Rc5 Rf7 50. b5 Qd7 51. b6 Qb7 52. Qb1 Bf8 53. Rc7 Rxc7 54. Nxc7 Bd6
55. Ne6 Be7 56. Ng5+ Kg7 57. Ne6+ Kf6 58. Ng5 Kg7 59. Qe4 Bf6 60. Qxb7+ Kf8 61.
Qf7# 1-0

[Event "Online Olym Div3 A 2021"]
[Site "chess.com INT"]
[Date "2021.08.28"]
[Round "5.2"]
[Board "5"]
[White "Prasad, Rudr"]
[Black "Noh, Jinwoo"]
[Result "0-1"]
[WhiteElo "1566"]
[BlackElo "1489"]
[WhiteTeam "Fiji"]
[BlackTeam "South Korea"]
[WhiteFideId "11401095"]
[BlackFideId "13211307"]
[EventDate "2021.08.27"]
[EventType "team"]

1. c4 e5 2. d3 Nf6 3. g3 c6 4. Bg2 d5 5. cxd5 cxd5 6. Nf3 Bd6 7. Nc3 a6 8. Bd2
O-O 9. O-O h6 10. Rc1 Be6 11. a3 Nbd7 12. b4 Rc8 13. Nh4 b5 14. f4 Qb6+ 15. Kh1
d4 16. Ne4 Bd5 17. Nxd6 Qxd6 18. Nf5 Bxg2+ 19. Kxg2 Qe6 20. fxe5 Nxe5 21. Nxd4
Qd5+ 22. Nf3 Rxc1 23. Qxc1 Nfg4 24. Qc5 Qb7 25. h3 Nxf3 26. Rxf3 Nf6 27. Kf2 Nd7
28. Qe7 Qd5 29. Be3 Qc6 30. Bc5 Nxc5 31. Qxc5 Qe6 32. g4 Rc8 33. Qf5 Qb6+ 34.
Kg3 Rf8 35. Qc5 Qe6 36. e4 Rd8 37. Re3 Qf6 38. d4 Qf1 39. Rf3 Qe1+ 40. Kf4 Qe2
41. d5 g5+ 42. Kg3 Qxe4 43. Qb6 Qe1+ 44. Kg2 Qd2+ 45. Kg3 Qxd5 46. Qxh6 Qe5+ 47.
Kg2 Rd2+ 48. Kg1 Qh2+ 49. Kf1 Qh1# 0-1

[Event "Online Olym Div3 A 2021"]
[Site "chess.com INT"]
[Date "2021.08.28"]
[Round "5.2"]
[Board "6"]
[White "Cho, Yeonhee"]
[Black "Prasad, Tanvi"]
[Result "0-1"]
[WhiteTitle "WCM"]
[WhiteElo "1423"]
[BlackElo "1165"]
[WhiteTeam "South Korea"]
[BlackTeam "Fiji"]
[WhiteFideId "13201190"]
[BlackFideId "11401117"]
[EventDate "2021.08.27"]
[EventType "team"]

1. e4 e5 2. Nf3 Nf6 3. Nc3 Nc6 4. Bc4 Bc5 5. d3 h6 6. O-O d6 7. h3 a6 8. a3 O-O
9. Nd5 Nxd5 10. Bxd5 Ne7 11. Bb3 Be6 12. c3 Bxb3 13. Qxb3 Rb8 14. d4 exd4 15.
cxd4 Ba7 16. Be3 Ng6 17. Rac1 Re8 18. Qc2 c6 19. Rfe1 d5 20. e5 Nh4 21. Nh2 Qd7
22. Rcd1 Qf5 23. Qxf5 Nxf5 24. Nf3 Nxe3 25. Rxe3 Re6 26. Nh4 g6 27. Rg3 g5 28.
Nf5 Kh7 29. h4 Kg6 30. Ne3 f6 31. exf6 Rxf6 32. hxg5 hxg5 33. Ng4 Rf4 34. Ne5+
Kf5 35. Nd7 Rd8 36. Nc5 Bxc5 37. dxc5 Re8 38. Rb3 Re7 39. Kf1 Rc4 40. Rf3+ Kg6
41. b4 Rce4 42. Rfd3 g4 43. f3 Rf4 44. Kg1 gxf3 45. Rxf3 Rxf3 46. gxf3 Re3 47.
Ra1 Rxf3 48. Kg2 Re3 49. Kf2 Re4 50. Kf3 Kf5 51. Rh1 Rf4+ 52. Ke3 Re4+ 53. Kd3
Re7 54. Rf1+ Kg4 55. Rg1+ Kf3 56. Rf1+ Kg2 57. Rf5 Kg3 58. Rf8 Kg4 59. Rb8 Kf4
60. Rf8+ Ke5 61. Rf1 Ke6 62. Re1+ Kf6 63. Rxe7 Kxe7 64. a4 Ke6 65. Kd4 Kf5 66.
b5 axb5 67. axb5 Kf4 68. bxc6 bxc6 69. Kc3 Ke4 70. Kb4 Kd4 71. Kb3 Kxc5 72. Kc3
Kb5 73. Kd4 Kb4 74. Kd3 c5 75. Kc2 Kc4 76. Kd2 Kb3 77. Kc1 c4 78. Kb1 d4 79. Kc1
c3 80. Kd1 Kb2 81. Ke2 c2 82. Kd3 c1=Q 83. Kxd4 Qc2 0-1

[Event "Online Olym Div3 A 2021"]
[Site "chess.com INT"]
[Date "2021.08.28"]
[Round "5.3"]
[Board "1"]
[White "Liyanage, Ranindu Dilshan"]
[Black "Kulpruethanon, Thanadon"]
[Result "1-0"]
[WhiteTitle "CM"]
[BlackTitle "FM"]
[WhiteElo "2203"]
[BlackElo "2278"]
[WhiteTeam "Sri Lanka"]
[BlackTeam "Thailand"]
[WhiteFideId "9915834"]
[BlackFideId "6201610"]
[EventDate "2021.08.27"]
[EventType "team"]

1. e4 c5 2. Nf3 Nc6 3. Bb5 g6 4. O-O Bg7 5. Re1 Nf6 6. c3 O-O 7. d4 d5 8. e5 Ne4
9. Bxc6 bxc6 10. Be3 Qb6 11. Qc1 c4 12. Nh4 f6 13. f3 g5 14. fxe4 gxh4 15. exd5
cxd5 16. Nd2 fxe5 17. dxe5 Qg6 18. Nf1 Bf5 19. Bd4 Be4 20. Qd2 Rf5 21. Ne3 Rg5
22. Rf1 Bh6 23. Rf2 h3 24. Qe2 hxg2 25. Re1 Rf8 26. Rxf8+ Bxf8 27. e6 Bg7 28.
Bxg7 Kxg7 29. Nxc4 Bd3 30. Ne5 Bxe2 31. Nxg6 Kxg6 32. Rxe2 Kf6 33. b4 Rg4 34. a3
Rc4 35. Re3 Rg4 36. Re2 Rc4 37. Re3 Rg4 38. Rh3 Kxe6 39. Rxh7 Re4 40. Kxg2 Re2+
41. Kf3 Rc2 42. Rh6+ Ke5 43. Rc6 Rxh2 44. Ke3 Rh3+ 45. Kd2 Rh2+ 46. Kd3 Rh3+ 47.
Kc2 Rh2+ 48. Kb3 Rh3 49. Rc7 e6 50. Rxa7 d4 51. Rc7 d3 52. Rd7 Ke4 53. a4 e5 54.
a5 Rh1 55. a6 Ra1 56. b5 Ke3 57. a7 d2 58. b6 e4 59. Rxd2 Kxd2 60. b7 Rxa7 61.
b8=Q Ra1 62. Qh2+ Kd3 63. Qd6+ Ke2 64. Kb2 Rd1 65. Qe6 e3 66. c4 Kf2 67. Qf5+
Kg1 68. Qg4+ 1-0

[Event "Online Olym Div3 A 2021"]
[Site "chess.com INT"]
[Date "2021.08.28"]
[Round "5.3"]
[Board "2"]
[White "Khumnorkaew, Tupfah"]
[Black "Doluweera, Minul Sanjula"]
[Result "0-1"]
[BlackTitle "FM"]
[WhiteElo "2123"]
[BlackElo "2129"]
[WhiteTeam "Thailand"]
[BlackTeam "Sri Lanka"]
[WhiteFideId "6202071"]
[BlackFideId "9910760"]
[EventDate "2021.08.27"]
[EventType "team"]

1. e4 c6 2. d4 d5 3. Nc3 dxe4 4. Nxe4 Bf5 5. Ng3 Bg6 6. h4 h6 7. Nf3 e6 8. h5
Bh7 9. Bd3 Bxd3 10. Qxd3 Nf6 11. Bd2 c5 12. c3 Nc6 13. O-O-O cxd4 14. Nxd4 Nxd4
15. Qxd4 Qxd4 16. cxd4 Be7 17. Kb1 O-O 18. Rc1 Nd5 19. Ne4 Rfd8 20. g4 Bf6 21.
Be3 b6 22. a3 Rd7 23. Rhd1 Rad8 24. Rc4 Be7 25. Rdc1 Nf6 26. f3 Nd5 27. Bf2 f5
28. gxf5 exf5 29. Ng3 Bh4 30. Rh1 Bxg3 31. Bxg3 Ne3 32. Rc3 Nd5 33. Rc4 f4 34.
Bf2 Ne3 35. Ra4 Rxd4 36. Rxa7 Rd1+ 37. Rxd1 Rxd1+ 38. Ka2 Rf1 39. Bxe3 fxe3 40.
Re7 Rxf3 41. a4 Kf8 42. Re6 Kf7 43. Re4 Kf6 44. b4 Kf5 45. Re7 Rf4 46. Kb3 Re4
47. Rxg7 e2 0-1

[Event "Online Olym Div3 A 2021"]
[Site "chess.com INT"]
[Date "2021.08.28"]
[Round "5.3"]
[Board "3"]
[White "Ranasinghe, S D"]
[Black "Atikankhotchasee, Manunthon"]
[Result "1-0"]
[WhiteTitle "WIM"]
[BlackTitle "WFM"]
[WhiteElo "1725"]
[BlackElo "1548"]
[WhiteTeam "Sri Lanka"]
[BlackTeam "Thailand"]
[WhiteFideId "9902651"]
[BlackFideId "6203191"]
[EventDate "2021.08.27"]
[EventType "team"]

1. Nf3 g6 2. g3 Bg7 3. Bg2 e6 4. O-O Ne7 5. d4 d5 6. c4 c6 7. Nbd2 O-O 8. e4
dxe4 9. Nxe4 Nf5 10. Be3 Nd7 11. Rc1 e5 12. Bg5 Qa5 13. dxe5 Nxe5 14. Nf6+ Kh8
15. Nxe5 Qxe5 16. Re1 Qxb2 17. Rc2 Qd4 18. Rd2 Qxc4 19. Bf1 Qc5 20. Ne4 Qb6 21.
Bd8 Qb4 22. Nf6 Be6 23. Re4 Qc5 24. Nd7 Bxd7 25. Rxd7 Qa3 26. g4 Nh6 27. Be7
Rfe8 28. Bxa3 Rxe4 29. Rd8+ Re8 30. Rxa8 Rxa8 31. Qd7 Rb8 32. Bd6 Rg8 33. h3 c5
34. Qxb7 c4 35. Bxc4 Rd8 36. Qc7 Ra8 37. Bd5 Rg8 38. Qxa7 Rd8 39. Qc7 Bf6 40.
Bc6 Ng8 41. a4 Kg7 42. a5 Bh4 43. a6 Nh6 44. a7 Ng8 45. a8=Q Rxa8 46. Bxa8 Nf6
47. Be5 Bg5 48. Bd5 1-0

[Event "Online Olym Div3 A 2021"]
[Site "chess.com INT"]
[Date "2021.08.28"]
[Round "5.3"]
[Board "4"]
[White "Promsirinimit, Pornouma"]
[Black "Tharushi, T H D Niklesha"]
[Result "1/2-1/2"]
[BlackTitle "WCM"]
[WhiteElo "1559"]
[BlackElo "1711"]
[WhiteTeam "Thailand"]
[BlackTeam "Sri Lanka"]
[WhiteFideId "6204171"]
[BlackFideId "9918264"]
[EventDate "2021.08.27"]
[EventType "team"]

1. e4 c5 2. Nf3 d6 3. Nc3 Nf6 4. d4 cxd4 5. Nxd4 g6 6. f3 Bg7 7. Be3 Nc6 8. Bb5
Bd7 9. O-O O-O 10. Qd2 a6 11. Be2 Ne5 12. f4 Neg4 13. Bxg4 Nxg4 14. f5 Nxe3 15.
Qxe3 Qb6 16. f6 Bxf6 17. Rxf6 exf6 18. Nd5 Qd8 19. Rf1 f5 20. exf5 f6 21. fxg6
hxg6 22. Qg3 Kg7 23. Nf4 Qe8 24. Nh5+ Kh8 25. Nxf6 Rxf6 26. Rxf6 Qe4 27. Rf4 Qe5
28. Rh4+ Kg7 29. Qxe5+ dxe5 30. Nf3 Re8 31. Re4 Kf6 32. h3 Bc6 33. Re3 Ba4 34.
b3 Bc6 35. Nd2 Rd8 36. Nc4 Rd1+ 37. Kh2 Rd5 38. a3 Ke6 39. Rg3 Kf6 40. Ne3 Rd2
41. Ng4+ Ke6 42. c4 a5 43. b4 axb4 44. axb4 b6 45. b5 Be4 46. Ne3 Kf6 47. Ng4+
Ke6 48. Ne3 Kf6 49. Rg4 Bd3 50. Nd5+ Kf5 51. Nxb6 Be2 52. Rg3 Rc2 53. Rb3 Bxc4
54. Nxc4 Rxc4 55. b6 Rc8 56. b7 Rb8 57. g4+ Kf4 58. Kg2 e4 59. Rb4 Ke5 60. Kf2
Kf4 61. g5 Kxg5 62. Rxe4 Rxb7 63. Rg4+ Kh5 64. Rf4 Rb2+ 65. Kg3 Rb3+ 66. Rf3 Rb4
67. Rf4 Rxf4 68. Kxf4 Kh4 69. Kf3 Kxh3 70. Kf2 g5 71. Kg1 Kg3 72. Kh1 Kf2 73.
Kh2 g4 74. Kh1 Kf3 75. Kh2 g3+ 76. Kh1 Kf4 77. Kg2 Kg4 78. Kg1 Kf3 79. Kh1 g2+
80. Kg1 Kg3 1/2-1/2

[Event "Online Olym Div3 A 2021"]
[Site "chess.com INT"]
[Date "2021.08.28"]
[Round "5.3"]
[Board "5"]
[White "De Silva, L M S T"]
[Black "Laohawirapap, Prin"]
[Result "1-0"]
[WhiteTitle "FM"]
[BlackTitle "CM"]
[WhiteElo "2085"]
[BlackElo "2125"]
[WhiteTeam "Sri Lanka"]
[BlackTeam "Thailand"]
[WhiteFideId "9953698"]
[BlackFideId "6205003"]
[EventDate "2021.08.27"]
[EventType "team"]

1. e4 c6 2. d4 d5 3. e5 Bf5 4. Nd2 e6 5. Nb3 a6 6. a4 c5 7. dxc5 Bxc5 8. Nxc5
Qa5+ 9. c3 Qxc5 10. Be3 Qc7 11. f4 Nd7 12. Nf3 Ne7 13. Be2 O-O 14. O-O Nb6 15.
b3 Rac8 16. Rc1 Nd7 17. b4 a5 18. Nd4 axb4 19. cxb4 Qb8 20. Qd2 Be4 21. Nb5 Rxc1
22. Rxc1 Rc8 23. Nd6 Rxc1+ 24. Qxc1 Nf5 25. Nxf5 exf5 26. a5 Nf8 27. b5 Ne6 28.
Qb2 Qd8 29. Bb6 Qa8 30. Qd2 Qb8 31. Bd4 g5 32. fxg5 f4 33. Bf1 Qd8 34. a6 bxa6
35. bxa6 f3 36. h4 Nxd4 37. Qxd4 Qa5 38. gxf3 Bxf3 39. Qf2 Be4 40. h5 d4 41.
Qxd4 Qe1 42. Qd8+ Kg7 43. Qf6+ Kg8 44. Qf2 Qc1 45. a7 Qxg5+ 46. Bg2 Kh8 47. Qf6+ 1-0

[Event "Online Olym Div3 A 2021"]
[Site "chess.com INT"]
[Date "2021.08.28"]
[Round "5.3"]
[Board "6"]
[White "Chuemsakul, Sarocha"]
[Black "Sanudula, K M Dahamdi"]
[Result "0-1"]
[WhiteTitle "WFM"]
[BlackTitle "WCM"]
[WhiteElo "1686"]
[BlackElo "1717"]
[WhiteTeam "Thailand"]
[BlackTeam "Sri Lanka"]
[WhiteFideId "6203710"]
[BlackFideId "9932470"]
[EventDate "2021.08.27"]
[EventType "team"]

1. c4 Nf6 2. Nf3 e6 3. d4 d5 4. g3 Be7 5. Bg2 O-O 6. O-O b6 7. cxd5 exd5 8. Nc3
Bb7 9. Bg5 Nbd7 10. Qb3 c5 11. Bxf6 Nxf6 12. dxc5 Bxc5 13. e3 Qe7 14. Rad1 Rad8
15. Nd4 Ne4 16. Nde2 Ba6 17. Rfe1 Bc4 18. Qc2 Nxf2 19. Nd4 Nxd1 20. Qxd1 Bxd4
21. exd4 Qb4 22. Qd2 Rfe8 23. Rd1 h6 24. b3 Ba6 25. Nxd5 Qxd2 26. Rxd2 Re2 27.
Rxe2 Bxe2 28. Kf2 Ba6 29. Nc7 Bd3 30. Ke3 Rd7 31. Nd5 Bb1 32. Nc3 Bg6 33. d5 Kf8
34. Kd4 Ke7 35. Bh3 f5 36. a4 a6 37. Ke5 Bh7 38. Bxf5 Bxf5 39. Kxf5 Kd6 40. Ke4
Kc5 41. Ke5 Re7+ 42. Kf4 Kd4 43. d6 Rf7+ 44. Kg4 Kxc3 0-1

[Event "Online Olym Div3 A 2021"]
[Site "chess.com INT"]
[Date "2021.08.28"]
[Round "5.4"]
[Board "1"]
[White "Fan, Allen Chi Zhou"]
[Black "Yarmonov, Igor"]
[Result "1/2-1/2"]
[WhiteTitle "FM"]
[BlackTitle "IM"]
[WhiteElo "2147"]
[BlackElo "2394"]
[WhiteTeam "New Zealand"]
[BlackTeam "IPCA"]
[WhiteFideId "4304128"]
[BlackFideId "14114496"]
[EventDate "2021.08.27"]
[EventType "team"]

1. Nf3 d5 2. c4 dxc4 3. e3 e6 4. Bxc4 Nf6 5. O-O Be7 6. d4 O-O 7. Nc3 a6 8. a3
b5 9. Bd3 Bb7 10. b4 Nbd7 11. Qc2 Bxf3 12. gxf3 c6 13. Kh1 a5 14. Rb1 axb4 15.
axb4 Nb6 16. Ne4 Nxe4 17. Bxe4 g6 18. Qxc6 Nd5 19. Bd2 Ra2 20. Rfd1 Nc7 21. Be1
f5 22. Bc2 Bd6 23. Ra1 Qa8 24. Qxa8 Rfxa8 25. Rac1 Kf7 26. Kg2 Ke7 27. Rd3 R8a3
28. Bb1 Rxd3 29. Bxa2 Kd7 30. Bc3 Na6 31. Bb1 Rxc3 32. Rxc3 Nxb4 33. e4 Nc6 34.
Rd3 b4 35. Ba2 Na5 36. e5 Bc7 37. f4 Ke7 38. Rh3 h5 39. d5 exd5 40. Bxd5 g5 41.
fxg5 Bxe5 42. Rd3 h4 43. Kh3 Kf8 44. Kxh4 Bxh2 45. Kh5 Kg7 46. Be6 Kf8 47. Kg6
Nc6 48. Kxf5 Ne7+ 49. Kf6 Nc6 50. Rh3 Be5+ 51. Kf5 Bg7 52. Bd5 Ne7+ 53. Ke6 Ng6
54. Rf3+ Ke8 55. Bc6+ Kd8 56. Rb3 Bc3 57. Be4 Nf4+ 58. Kf7 Nh3 59. g6 Ng5+ 60.
Kf8 Nxe4 61. g7 Bxg7+ 62. Kxg7 Nxf2 63. Rxb4 Ke7 64. Rb6 Ne4 65. Kg6 Nd6 66. Kg5
Ke6 67. Kf4 Kd5 68. Rb1 Ke6 69. Rd1 Nc4 70. Rd3 Nd6 71. Rd4 Nf7 72. Ra4 Nd6 73.
Ra5 Nc4 74. Rc5 Nd6 75. Ke3 Nf5+ 76. Kd3 Nd6 77. Rh5 Nf5 78. Kc4 Nd6+ 79. Kc5
Ne4+ 80. Kd4 Nf6 81. Re5+ Kd6 82. Ra5 Ke6 83. Re5+ Kd6 84. Re3 Ng4 85. Rg3 Nf6
86. Rg6 Ke6 87. Rh6 Kf5 88. Rh1 Ke6 89. Rf1 Ng4 90. Rf4 Nf6 91. Rh4 Kf5 92. Kc5
Ne4+ 93. Kd5 Nf6+ 94. Kd6 Ne4+ 95. Kd5 Nf6+ 96. Kd4 Ke6 97. Rh6 Kf5 98. Rh8 Ke6
99. Ra8 Kf5 100. Ra7 Ke6 101. Ra6+ Kf5 102. Rb6 Nd7 103. Rb7 Ke6 104. Ra7 Nf6
105. Kc5 Nd7+ 106. Kc6 Ne5+ 107. Kc7 Kd5 108. Ra4 Nc4 109. Ra1 Ne5 110. Rc1 Nc4
111. Rc2 Ne5 112. Kb6 Nc4+ 113. Kb5 1/2-1/2

[Event "Online Olym Div3 A 2021"]
[Site "chess.com INT"]
[Date "2021.08.28"]
[Round "5.4"]
[Board "2"]
[White "Gurbanov, Andrei"]
[Black "Winter, Ryan"]
[Result "1-0"]
[WhiteTitle "IM"]
[WhiteElo "2259"]
[BlackElo "2006"]
[WhiteTeam "IPCA"]
[BlackTeam "New Zealand"]
[WhiteFideId "13503391"]
[BlackFideId "4306295"]
[EventDate "2021.08.27"]
[EventType "team"]

1. d4 Nf6 2. c4 e6 3. Nf3 d5 4. Nc3 Bb4 5. cxd5 exd5 6. Bg5 Qd6 7. Bxf6 Qxf6 8.
Qa4+ Nc6 9. Ne5 O-O 10. Nxc6 Bxc3+ 11. bxc3 bxc6 12. e3 c5 13. Be2 cxd4 14. Qxd4
Qd6 15. O-O Be6 16. Rab1 Rfd8 17. Rfd1 h6 18. Rb5 Qa3 19. Rd2 Rdb8 20. Qb4 Qxb4
21. Rxb4 a5 22. Rbb2 Kf8 23. f4 c6 24. Kf2 Ke7 25. Bd3 g6 26. a4 Kd8 27. c4 dxc4
28. Bxc4+ Ke7 29. Bxe6 Kxe6 30. Rbc2 Rb6 31. Rc5 Raa6 32. Kf3 Ra7 33. Rd4 f6 34.
g4 Ke7 35. h4 Rb4 36. Rxc6 Rxd4 37. exd4 Rb7 38. Ke4 Rb4 39. Kd5 Rxa4 40. Rc7+
Kd8 41. Rf7 f5 42. gxf5 gxf5 43. Rxf5 Ra1 44. Kd6 Ke8 45. Rh5 a4 46. Rxh6 a3 47.
Rh8+ Kf7 48. Ra8 a2 49. d5 Rf1 50. Rxa2 Rxf4 51. Rh2 Rf6+ 52. Kc7 Rh6 53. d6 Ke6
54. d7 Rh7 55. Re2+ Kf6 56. Kc8 1-0

[Event "Online Olym Div3 A 2021"]
[Site "chess.com INT"]
[Date "2021.08.28"]
[Round "5.4"]
[Board "3"]
[White "Thurner, Anya"]
[Black "Aleksandrova, Aleksandra"]
[Result "0-1"]
[BlackTitle "WFM"]
[WhiteElo "1557"]
[BlackElo "1731"]
[WhiteTeam "New Zealand"]
[BlackTeam "IPCA"]
[WhiteFideId "4307780"]
[BlackFideId "4144198"]
[EventDate "2021.08.27"]
[EventType "team"]

1. e4 e5 2. Nf3 d6 3. d4 Nd7 4. dxe5 dxe5 5. Bd3 Be7 6. O-O Ngf6 7. Nc3 c6 8.
Be3 b5 9. a3 a5 10. Qd2 Qc7 11. a4 b4 12. Ne2 Bb7 13. Ng3 g6 14. c3 h5 15. Rfd1
h4 16. Nf1 Rd8 17. Qc2 Nc5 18. cxb4 Nxd3 19. Rxd3 Rxd3 20. Qxd3 Bxb4 21. Bg5 Nd7
22. Bxh4 f6 23. N1d2 Nc5 24. Qc2 Qe7 25. Nc4 Ba6 26. Ncxe5 Rxh4 27. Nxh4 Qxe5
28. f3 Qg5 29. g3 Qe3+ 30. Qf2 Qxf2+ 31. Kxf2 g5 32. Nf5 Nd3+ 33. Kg2 Nxb2 34.
Nd4 c5 35. Nc2 c4 36. h4 gxh4 37. gxh4 Nd3 38. Kg3 Bc8 39. h5 Bd6+ 40. Kh4 Kf7
41. Rg1 Bf4 42. Nd4 Ne5 43. Nf5 Nxf3+ 44. Kh3 Nxg1+ 45. Kg2 Ne2 46. h6 Bxf5 47.
exf5 Bxh6 0-1

[Event "Online Olym Div3 A 2021"]
[Site "chess.com INT"]
[Date "2021.08.28"]
[Round "5.4"]
[Board "4"]
[White "Kaydanovich, Marina"]
[Black "Gan, Emily"]
[Result "1-0"]
[WhiteTitle "WIM"]
[WhiteElo "1737"]
[BlackElo "1438"]
[WhiteTeam "IPCA"]
[BlackTeam "New Zealand"]
[WhiteFideId "4134877"]
[BlackFideId "4310608"]
[EventDate "2021.08.27"]
[EventType "team"]

1. c4 Nf6 2. Nc3 g6 3. d4 Bg7 4. e4 O-O 5. Nf3 d6 6. Be2 Nbd7 7. O-O b6 8. h3
Bb7 9. Qc2 Rc8 10. Rd1 c5 11. d5 a6 12. Rb1 Ne8 13. Bf4 Ne5 14. Nxe5 Bxe5 15.
Bxe5 dxe5 16. Qd2 Nd6 17. f4 exf4 18. Qxf4 Qc7 19. Rf1 Rb8 20. b3 Bc8 21. Bd3
Bd7 22. Rbe1 Qc8 23. Nd1 f5 24. e5 Nb7 25. e6 Be8 26. Qe5 Nd6 27. Nc3 b5 28. Ne2
bxc4 29. bxc4 Rb4 30. Rc1 Ba4 31. h4 h5 32. Nf4 Kh7 33. Nh3 Ne8 34. Ng5+ Kh6 35.
Nf7+ Kh7 36. Bxf5 gxf5 37. Qxf5+ Kg7 38. Qg5+ Kh7 39. Qxh5+ Kg7 40. Qh6+ Kg8 41.
Qh8# 1-0

[Event "Online Olym Div3 A 2021"]
[Site "chess.com INT"]
[Date "2021.08.28"]
[Round "5.4"]
[Board "5"]
[White "Picken, Oliver"]
[Black "Petrov, Maksim"]
[Result "1/2-1/2"]
[WhiteTitle "CM"]
[WhiteElo "1767"]
[BlackElo "1568"]
[WhiteTeam "New Zealand"]
[BlackTeam "IPCA"]
[WhiteFideId "4304764"]
[BlackFideId "24216836"]
[EventDate "2021.08.27"]
[EventType "team"]

1. e4 e5 2. Nf3 Nc6 3. Bc4 Nf6 4. d3 h6 5. c3 g6 6. O-O Bg7 7. Re1 O-O 8. d4 d6
9. h3 Kh8 10. Nbd2 Ne8 11. Nf1 Bd7 12. Ng3 f5 13. exf5 gxf5 14. dxe5 dxe5 15.
Nh5 Qe7 16. Nxg7 Qxg7 17. Bxh6 Qxh6 18. Qxd7 Nd6 19. Qe6 Rf6 20. Qd5 e4 21. Nd4
Ne7 22. Qc5 Nxc4 23. Qxc4 Rg8 24. Qxc7 Qxh3 25. Qh2 Rxg2+ 26. Qxg2 Rg6 27. Qxg6
Nxg6 28. Re3 Qh5 29. Rae1 Ne5 30. Kg2 Kg8 31. Rg3+ Ng4 32. Rh1 Qg5 33. Rg1 Qh4
34. Rh1 Qg5 35. Rg1 Qh4 36. Rh1 Qg5 1/2-1/2

[Event "Online Olym Div3 A 2021"]
[Site "chess.com INT"]
[Date "2021.08.28"]
[Round "5.4"]
[Board "6"]
[White "Dorozhkina, Mariya"]
[Black "Ning, Isabelle Yixuan"]
[Result "1-0"]
[WhiteTitle "WFM"]
[BlackTitle "WCM"]
[WhiteElo "1714"]
[BlackElo "1774"]
[WhiteTeam "IPCA"]
[BlackTeam "New Zealand"]
[WhiteFideId "54132185"]
[BlackFideId "4307763"]
[EventDate "2021.08.27"]
[EventType "team"]

1. d4 Nf6 2. c4 g6 3. Nc3 Bg7 4. e4 d6 5. g3 O-O 6. Bg2 e5 7. d5 Nbd7 8. Nge2 a6
9. O-O Rb8 10. a4 Ne8 11. b4 f5 12. f4 exf4 13. Bxf4 fxe4 14. Bxe4 Ndf6 15. Bg2
Bg4 16. Rc1 Nh5 17. Be3 Qe7 18. Rxf8+ Kxf8 19. Qd2 Nef6 20. Nd4 Nd7 21. h3 Ne5
22. hxg4 Nxc4 23. Qf2+ Kg8 24. Ne6 Nf6 25. Bg5 h6 26. Bxf6 Bxf6 27. Ne4 Be5 28.
Rxc4 c6 29. Nd2 cxd5 30. Bxd5 b5 31. Rc5 dxc5 32. Nxc5+ Kh8 33. axb5 axb5 34.
Qe3 Qf6 35. Qxh6# 1-0

[Event "Online Olym Div3 A 2021"]
[Site "chess.com INT"]
[Date "2021.08.28"]
[Round "5.5"]
[Board "1"]
[White "Tran, Thanh Tu"]
[Black "Lim, Zhuo Ren"]
[Result "1-0"]
[WhiteTitle "CM"]
[BlackTitle "FM"]
[WhiteElo "2374"]
[BlackElo "2311"]
[WhiteTeam "Japan"]
[BlackTeam "Malaysia"]
[WhiteFideId "12401404"]
[BlackFideId "5702488"]
[EventDate "2021.08.27"]
[EventType "team"]

1. e4 c5 2. Nf3 d6 3. d4 cxd4 4. Nxd4 Nf6 5. Nc3 a6 6. Bc4 e6 7. Bb3 b5 8. O-O
Be7 9. Qf3 Qb6 10. Be3 Qb7 11. Qg3 b4 12. Na4 Nbd7 13. f3 O-O 14. Rfd1 Ne5 15.
Ne2 Bd7 16. Nb6 Bb5 17. c4 bxc3 18. Nxc3 Rab8 19. a4 Bc6 20. a5 Nfd7 21. f4 Nxb6
22. fxe5 Nc8 23. Bh6 g6 24. exd6 Qxb3 25. dxe7 Re8 26. Qe5 f6 27. Qxf6 1-0

[Event "Online Olym Div3 A 2021"]
[Site "chess.com INT"]
[Date "2021.08.28"]
[Round "5.5"]
[Board "2"]
[White "Subramaniam, Sumant"]
[Black "Nanjo, Ryosuke"]
[Result "0-1"]
[WhiteTitle "FM"]
[BlackTitle "IM"]
[WhiteElo "2155"]
[BlackElo "2338"]
[WhiteTeam "Malaysia"]
[BlackTeam "Japan"]
[WhiteFideId "5702720"]
[BlackFideId "7000634"]
[EventDate "2021.08.27"]
[EventType "team"]

1. a3 e5 2. d4 exd4 3. Qxd4 Nf6 4. Bg5 Be7 5. Nc3 d5 6. O-O-O Be6 7. e4 c5 8.
Qa4+ Bd7 9. Bb5 d4 10. e5 Ng4 11. Bxe7 Qxe7 12. Nd5 Qxe5 13. Nb6 O-O 14. Nxd7
Nxd7 15. Bxd7 Nxf2 16. Nf3 Qe3+ 17. Kb1 Nxh1 18. Rxh1 a6 19. Qc4 Qe7 20. Bf5 g6
21. Re1 Qc7 22. Nxd4 Rae8 23. Be4 Re7 24. Nf3 Rfe8 25. Nd2 b5 26. Qf1 Qxh2 27.
Qf6 Re6 28. Qc3 Qh4 29. g3 Qe7 30. b4 cxb4 31. axb4 Qd6 32. Kb2 R6e7 33. Rd1 Rc7
34. Qb3 Rxe4 35. Nxe4 Qxd1 36. Nf6+ Kf8 37. Nd5 Rc4 38. Nf4 Qd4+ 39. c3 Qd2+ 40.
Ka3 Rxc3 0-1